000 01648nam a2200277Ia 4500
999 _c38043
_d38043
001 4029
003 GE_BSU
005 20190510192922.0
008 181216s2001||||ge |||||||||||||| ||geo||
020 _a9992889195
040 _cGE_BSU
041 _ageo
080 _a321.7+316.32(075.8) ჟ-84
100 _aჟორჟოლიანი, გია
_91016
245 _aდემოკრატიზაცია : საზოგადოებები გარდამავალ პერიოდში : დემოკრატიზაცია თანამედროვე სამყაროში
_bსახელმძღვ. სოციალ. მეცნ. მაგისტრანტებისათვის /
_cგია ჟორჟოლიანი, თამარ ბერეკაშვილი, მარინა მუსხელიშვილი ; რედ : ლია კაჭარავა
264 _aთბილისი .:
_bმეცნიერება,
_c2001.
300 _a193 გვ .;
_c20 სმ.
440 _aსოციალურ მეცნიერებათა სერია
_9955
504 _aბიბლიოგრ.: გვ. 188-193.
653 _aდემოკრატია
700 _aბერეკაშვილი , თამარ
_91017
700 _aმუსხელიშვილი, მარინა
_91018
700 _aკაჭარავა, ლია
_eრედაქტორი
_91019
710 _eფონდი ღია საზოგადოება - საქართველო
_91020
942 _cBK
_2udc